000 00699nam a2200205Ii 4500
003 JO-AjNU
008 230605s9999||||xx |||||||||||||| ||und||
017 _a2005/4/783
040 _aJO-AjNU
_bara
_erda
_cJO-AjNU
041 _aara
050 1 4 _aLC4704.N34 2007
100 3 _aناجي،كريم,
_eauthor
_911770
245 0 0 _aصعوبات التعلم لدى الأطفال
264 3 1 _aعمان:دار أسامة للنشر والتوزيع،2007
300 _a112ص
336 _atext
_btxt
_2rdacontent
337 _aunmediated
_bn
_2rdamedia
338 _avolume
_bnc
_2rdacarrier
650 4 _aصعوبات التعلم-التعلم و طرق التدريس-التعليم الخاص
_911771
999 _aA2495
_c6063
_d6063